|
|
|
|
| LEADER |
00822nam a22002412 4500 |
| 001 |
000719505 |
| 003 |
CZ BrMZK |
| 005 |
20131107110956.0 |
| 007 |
ta |
| 008 |
040602s1965 xo e slo |
| 040 |
|
|
|a ABA001
|b cze
|c ABA001
|d BOA001
|d ABA001
|
| 245 |
0 |
0 |
|a Poklopme si po chrbtici :
|b Aškenázy : Bárta : Bošek : Fiala /
|c Grodzieńska ... [et al.] ; zostavil Ivan Verner
|
| 250 |
|
|
|a 1. vyd.
|
| 260 |
|
|
|a Bratislava :
|b Práca,
|c 1965
|
| 300 |
|
|
|a 198 s. ;
|c 8°
|
| 490 |
1 |
|
|a Knižnica kultúrnej činnosti odborov ;
|v zv. 4/65
|
| 504 |
|
|
|a Obsahuje bibliografii
|
| 700 |
1 |
|
|a Verner, Ivan
|7 xx0065262
|4 com
|
| 830 |
|
0 |
|a Knižnica kultúrnej činnosti odborov
|
| 910 |
|
|
|a BOA001
|b 2-0558.103
|
| 990 |
|
|
|a BK
|
| 991 |
|
|
|b 201311
|
| 996 |
7 |
|
|b 2619208354
|c 2-0558.103
|l HP2
|r DEN
|n 2
|w 000719505
|u 000010
|a 1
|e BOA001
|j MZK50
|s A
|